Potupenie dôstojnosti a krivda sa nedajú odčiniť peniazmi

Podrobná bibliografia
Hlavný autor: Handlovič, Viliam (Author)
Médium: Článok
Jazyk:Slovak
Témy:
Zdroj: 1. Košický denník 1. Roč. 2, č. 57(2000), dát. 0309, s. 11
LEADER 00920nab#a2200337#ar4500
001 000034113
003 SVKKK
005 00000000000000.0
008 c xo e sloo
FMT
038 |a SVKKK 
040 |a SVKKK  |b slo  |e AACR2 
041 0 |a slo 
044 |a xo  |c SK 
080 |a 323.28  |2 1981 
100 1 |a Handlovič, Viliam  |4 aut 
245 1 0 |a Potupenie dôstojnosti a krivda sa nedajú odčiniť peniazmi  |c Handlovič Viliam, 
600 1 4 |a Handlovič, Viliam,  |d ?,  |x prenasledovaný politicky  |x Jasov  |x Košice  |x pôsobenie 
650 0 4 |a osudy životné 
650 0 4 |a prenasledovaný politicky  |x spomienky 
650 0 4 |a tábory nútených prác 
773 0 |t Košický denník  |g Roč. 2, č. 57(2000), dát. 0309, s. 11 
957 |a Jasov 
957 |a Košice 
958 |a KE 
958 |a KS 
974 |d 000614  |a SAB 
992 |a RBX 
BAS
852 |a SVKKK  |b BIB 
998 |a REG